| 000 | 00970pam a2200313 i 4500 | ||
|---|---|---|---|
| 001 | 3210810 | ||
| 003 | NUST | ||
| 005 | 20211209114826.0 | ||
| 008 | 781218s1980 nyua b 001 0 eng | ||
| 010 | _a 78027876 | ||
| 020 | _a978-1-25-902915-8 | ||
| 038 | _aKhadija | ||
| 040 |
_aDLC _cDLC _dDLC |
||
| 050 | 0 | 0 |
_aTP156.M3 _bT7 1980 |
| 082 | 0 | 0 |
_a660.284 _bROB |
| 100 | 1 |
_aTreybal, Robert Ewald, _d1915- _934540 |
|
| 245 | 1 | 0 |
_aMass-transfer operations _cRobert E. Treybal. |
| 250 | _a3d ed. | ||
| 260 |
_aIndia _bMcGraw-Hill, _cc1980. |
||
| 300 |
_axiv, 784 p. : _bill. ; _c25 cm. |
||
| 490 | 0 | _aMcGraw-Hill chemical engineering series | |
| 504 | _aIncludes bibliographical references and index. | ||
| 563 | _aPB | ||
| 650 | 0 |
_aChemical engineering. _97282 |
|
| 650 | 0 |
_aMass transfer. _911005 |
|
| 856 | 4 | 1 |
_3Table of contents _uhttp://www.loc.gov/catdir/toc/mh021/78027876.html |
| 906 |
_a7 _bcbc _corignew _d1 _eocip _f19 _gy-gencatlg |
||
| 942 |
_2ddc _cBK |
||
| 999 |
_c540496 _d540496 |
||